福爾摩沙三族記
| 資料類型: | 圖書 | 書目號: | 45788 |
Leader xxxxxxxxxx 001 __ PCLIS00045788 005 __ 20220912095846.0 010 0_ |a978-957-32-6915-1|b平裝|dNT$360 100 __ |a20130406d2012 m y0chiy09 e 101 0_ |achi 102 __ |atw 105 __ |aa z 000ay 200 1_ |a福爾摩沙三族記|e|f陳耀昌著 205 __ |a初版 210 __ |a臺北市|c遠流|d2012[民101] 215 0_ |a404面, 圖版16面|c彩圖|d21公分 225 __ |a|v 300 __ |a附錄: 三太子與鄭成功 681 __ |a863.57|b8755 681 __ |a857.7|b8755 700 _1 |a陳|b耀昌|4著 702 __ |a|b|4 801 _0 |atw|b內湖高中|c20130406|gCCR 801 _2 |atw|b內湖高中|c20220912|gCCR |